|
|
|
|
| LEADER |
00000nab a2200000 a 4500 |
| 001 |
vtls000346542 |
| 003 |
SK-MaSNL |
| 005 |
20260303161413.0 |
| 008 |
230223c1988 xo 0 slo |
| 015 |
|
|
|a SNBRB19rr/mm-uuuuu
|
| 035 |
|
|
|a CL0346664
|
| 035 |
|
|
|a urn:nbn:sk:snk-abdnim
|
| 035 |
|
|
|a (urnnbn)urn:nbn:sk:snk:ar-000qtj
|
| 035 |
|
|
|a (uuid)8194a8d1-336d-4416-8d81-01529afc5a2f
|
| 040 |
|
|
|a SNKBUCL
|b slo
|c SNKBUCL
|e AACR2
|
| 041 |
0 |
|
|a slo
|
| 044 |
|
|
|a xo
|c SK
|
| 080 |
|
|
|a 725.38
|2 1981
|
| 100 |
1 |
|
|a Šimek, Juraj,
|d 1950-
|c architekt
|4 aut
|9 954333
|
| 245 |
1 |
0 |
|a Autobusová stanica ČSAD vo Zvolene
|c Juraj Šimek
|
| 300 |
|
|
|b Sch. 6. Res. rus., angl., nem., franc.
|
| 500 |
|
|
|a BRO TTO: Nie je.
|
| 650 |
0 |
7 |
|a Autobusová stanica ČSAD, Zvolen
|2 snkbucl
|9 1183720
|
| 655 |
|
7 |
|a články z novín a časopisov
|2 snkbucl
|9 267496
|
| 773 |
0 |
|
|t Projekt
|g Roč. 30, č. 7 (1988), s. 18-19
|
| 850 |
|
|
|a Slovenská národná knižnica v Martine
|a MTA001
|
| 852 |
|
|
|a SNK
|b KIS3GCP
|
| 954 |
|
|
|a odborná, vedecká literatúra pôvodná (slovenská)
|2 lita
|
| 957 |
|
|
|a 5311
|
| 958 |
|
|
|a OND
|
| 958 |
|
|
|a RK
|
| 958 |
|
|
|a EUIPO
|
| 958 |
|
|
|a article19
|
| 992 |
|
|
|a RBX
|
| 999 |
|
|
|c 2049229
|d 2051159
|